000 00633nam a2200241Ia 4500
003 OSt
005 20220924122057.0
006 a|||||r|||| 00| 0
007 ta
008 220923b |||||||| |||| 00| 0 urd d
020 _c22.50
024 _a316205
037 _cTextual
040 _aARTS
_cARTS
_burd
041 _2urd
_aurd
082 _aO168,1NJS1,1, M0
100 _aJaafri Sayed Zameer
_9188169
245 0 _aKhaliyan
260 _aLahore
_bBabul Ilm Pakistan
_c1980
650 _aURDU POETRY
942 _hO168,1NJS1,1, M0
_cTEXL
_2CC
999 _c410098
_d410098